Loading...
| History - American History | 0 | 5 | 2 | 0 | 40 | 17 | 46.00 | 4 | 5 |
| History - European History | 0 | 3 | 0 | 0 | 30 | 47 | 61.33 | 1 | 2 |
| History - World History | 0 | 3 | 1 | 0 | 25 | 22 | 35.67 | 1 | 2 |
| Social Science | 0 | 2 | 0 | 1 | 20 | 77 | 90.00 | 0 | 1 |
| Religion | 0 | 1 | 0 | 1 | 10 | 75 | 75.00 | 0 | 0 |
| Science - Biology | 0 | 1 | 0 | 0 | 10 | 82 | 82.00 | 0 | 0 |
| Science - Chemistry | 0 | 1 | 0 | 0 | 10 | 41 | 41.00 | 1 | 1 |
| Painting/Sculpture | 0 | 1 | 0 | 1 | 10 | 110 | 110.00 | 0 | 0 |
| History - Other History | 0 | 1 | 0 | 0 | 10 | 41 | 41.00 | 0 | 1 |
| Literature - American Literature | 0 | 1 | 0 | 0 | 10 | 78 | 78.00 | 0 | 0 |
| Philosophy | 0 | 1 | 0 | 0 | 10 | 74 | 74.00 | 0 | 1 |
| Science - Other Science | 0 | 1 | 1 | 1 | 5 | 97 | 97.00 | 0 | 0 |
| Current Events | 0 | 1 | 1 | 0 | 5 | 22 | 22.00 | 0 | 1 |